ბათუმის შოთა რუსთაველის სახელმწიფო უნივერსიტეტის ბიბლიოთეკა

ფილოსოფიური გეოგრაფია : (ბიბ.ჩანაწერი № 53810)

000 -ლიდერი
ფიქსირებული სიგრძის საკონტროლო ველი 02560nam a2200397Ia 4500
001 - საკონტროლო ნომერი
საკონტროლო ველი 20861
003 - საკონტროლო ნომრის იდენტიფიკატორი
საკონტროლო ველი GE_BSU
005 - ბოლო ოპერაციის თარიღი და დრო
საკონტროლო ველი 20210520142616.0
008 - ფიქსირებული სიგრძის მონაცემთა ელემენტები - ზოგადი ინფორმაცია
ფიქსირებული სიგრძის საკონტროლო ველი 181216s ||||ge |||||||||||||| ||geo||
020 ## - წიგნის საერთაშორისო სტანდარტული ნომერი
International Standard Book Number 9789941457456
040 ## - კატალოგიზაციის წყარო
Transcribing agency GE_BSU
041 ## - ენის კოდი
Language code of text/sound track or separate title geo
080 ## - უნივერსალური ათობითი კლასიფიკაციის ინდექსი
Universal Decimal Classification number 1+91 თ-15
100 ## - მთავარი ჩანაწერი - პიროვნების სახელი
Personal name თავაძე, გიორგი
9 (RLIN) 2230
245 ## - ცნობა სათაურის შესახებ
Title ფილოსოფიური გეოგრაფია :
Remainder of title ისტორია, პრობლემები, პერსპექტივები = Philosophical Geography : History, Problems and Perspectives /
Statement of responsibility, etc გიორგი თავაძე ; რედაქტორები : იოახიმ ფონ ვედელი, ლალი ზაქარაძე, გიორგი თავაძე, გიორგი ხუროშვილი ; სერიის დამფუძნებელი და მთ. რედ. თენგიზ ირემაძე.
264 ## - წარმოების, გამოცემის, დისტრიბუციის და სხვა ცნობები
გამოცემის, წარმოების, დისტრიბუციის... ადგილი თბილისი :
გამოცემის, წარმოების, დისტრიბუციის... სახელწოდება ნეკერი,
გამოცემის, წარმოების, დისტრიბუციის... თარიღი 2016.
300 ## - ფიზიკური აღწერა
Extent 358 გვ. ;
Dimensions 20 სმ.
500 ## - ზოგადი შენიშვნა
General note წიგნი ეძღვნება ნორვეგიელი მოგზაურის რუალ ამუნდსენის (1872-1928) ხსოვნას
500 ## - ზოგადი შენიშვნა
General note საძიებლები გვ. : 311-338
504 ## - BIBLIOGRAPHY, ETC. NOTE
Bibliography, etc ბიბლიოგრაფია გვ. : 283-310
653 ## - INDEX TERM--UNCONTROLLED
Uncontrolled term Philosophical Geography
653 ## - INDEX TERM--UNCONTROLLED
Uncontrolled term History
653 ## - INDEX TERM--UNCONTROLLED
Uncontrolled term Problems and Perspectives
653 ## - INDEX TERM--UNCONTROLLED
Uncontrolled term ფილოსოფიური გეოგრაფია
653 ## - INDEX TERM--UNCONTROLLED
Uncontrolled term გეოგრაფია
653 ## - INDEX TERM--UNCONTROLLED
Uncontrolled term ფილოსოფია
653 ## - INDEX TERM--UNCONTROLLED
Uncontrolled term სოციოლოგია
700 ## - ADDED ENTRY--PERSONAL NAME
Personal name ვედელი, იოახიმ ფონ
Relator term რედაქტორი
9 (RLIN) 11859
700 ## - ADDED ENTRY--PERSONAL NAME
Personal name ზაქარაძე, ლალი
Relator term რედაქტორი
9 (RLIN) 11860
700 ## - ADDED ENTRY--PERSONAL NAME
Personal name თავაძე, გიორგი
Relator term რედაქტორი
9 (RLIN) 2230
700 ## - ADDED ENTRY--PERSONAL NAME
Personal name ხუროშვილი, გიორგი
Relator term რედაქტორი
9 (RLIN) 5941
700 ## - ADDED ENTRY--PERSONAL NAME
Personal name ირემაძე, თენგიზ
Relator term მთავარი რედაქტორი
9 (RLIN) 2229
710 ## - ADDED ENTRY--CORPORATE NAME
Corporate name or jurisdiction name as entry element გრიგოლ რობაქიძის სახელობის უნივერსიტეტი
Relator term ფილოსოფიისა და სოციალურ მეცნიერებათა კვლევითი ინსტიტუტი.
9 (RLIN) 11861
942 ## - ADDED ENTRY ELEMENTS (KOHA)
Koha item type წიგნი
Source of classification or shelving scheme
ეგზემპლარები
ჩამოწერის სტატუსი დაკარგული ეგზემპლარის სტატუსი კლასიფიკაციის წყარო ან თაროზე გაწყობის სქემა დაზიანების სტატუსი არ გაიცემა მუდმივი მდებარეობა (დაცვის ადგილი) ამჟამინდელი ადგილსამყოფელი თაროზე განთავსების ადგილი შეძენის თარიღი ღირებულება, შესყიდვის ნორმალური ფასი სრული შენახვის შიფრი შტრიხკოდი ბოლო ოპერაციის თარიღი ეგზემპლარის მიმდევრობითი ნომერი (კეტერი?) ფასის ძალაში შესვლის თარიღი ეგზემპლარის სახეობა საჯარო შენიშვნა
          ბათუმის შოთა რუსთაველის სახელმწიფო უნივერსიტეტის მთავარი ბიბლიოთეკა ბათუმის შოთა რუსთაველის სახელმწიფო უნივერსიტეტის მთავარი ბიბლიოთეკა წიგნსაცავი 2018-12-17 22.00 1+91 თ-15 54353 2018-12-17 54353 2018-12-17 წიგნი 22.00 ₾.
          ბათუმის შოთა რუსთაველის სახელმწიფო უნივერსიტეტის მთავარი ბიბლიოთეკა ბათუმის შოთა რუსთაველის სახელმწიფო უნივერსიტეტის მთავარი ბიბლიოთეკა წიგნსაცავი 2018-12-17 22.00 1+91 თ-15 54354 2018-12-17 54354 2018-12-17 წიგნი 22.00 ₾.
          ბათუმის შოთა რუსთაველის სახელმწიფო უნივერსიტეტის მთავარი ბიბლიოთეკა ბათუმის შოთა რუსთაველის სახელმწიფო უნივერსიტეტის მთავარი ბიბლიოთეკა წიგნსაცავი 2018-12-17 22.00 1+91 თ-15 54355 2018-12-17 54355 2018-12-17 წიგნი 22.00 ₾.
          ბათუმის შოთა რუსთაველის სახელმწიფო უნივერსიტეტის მთავარი ბიბლიოთეკა ბათუმის შოთა რუსთაველის სახელმწიფო უნივერსიტეტის მთავარი ბიბლიოთეკა წიგნსაცავი 2018-12-17 22.00 1+91 თ-15 54356 2018-12-17 54356 2018-12-17 წიგნი 22.00 ₾.
          ბათუმის შოთა რუსთაველის სახელმწიფო უნივერსიტეტის მთავარი ბიბლიოთეკა ბათუმის შოთა რუსთაველის სახელმწიფო უნივერსიტეტის მთავარი ბიბლიოთეკა წიგნსაცავი 2018-12-17 22.00 1+91 თ-15 54357 2018-12-17 54357 2018-12-17 წიგნი 22.00 ₾.
          ბათუმის შოთა რუსთაველის სახელმწიფო უნივერსიტეტის მთავარი ბიბლიოთეკა ბათუმის შოთა რუსთაველის სახელმწიფო უნივერსიტეტის მთავარი ბიბლიოთეკა წიგნსაცავი 2018-12-17 22.00 1+91 თ-15 54358 2018-12-17 54358 2018-12-17 წიგნი 22.00 ₾.
          ბათუმის შოთა რუსთაველის სახელმწიფო უნივერსიტეტის მთავარი ბიბლიოთეკა ბათუმის შოთა რუსთაველის სახელმწიფო უნივერსიტეტის მთავარი ბიბლიოთეკა წიგნსაცავი 2018-12-17 22.00 1+91 თ-15 54359 2018-12-17 54359 2018-12-17 წიგნი 22.00 ₾.
          ბათუმის შოთა რუსთაველის სახელმწიფო უნივერსიტეტის მთავარი ბიბლიოთეკა ბათუმის შოთა რუსთაველის სახელმწიფო უნივერსიტეტის მთავარი ბიბლიოთეკა წიგნსაცავი 2018-12-17 22.00 1+91 თ-15 54360 2018-12-17 54360 2018-12-17 წიგნი 22.00 ₾.
          ბათუმის შოთა რუსთაველის სახელმწიფო უნივერსიტეტის მთავარი ბიბლიოთეკა ბათუმის შოთა რუსთაველის სახელმწიფო უნივერსიტეტის მთავარი ბიბლიოთეკა წიგნსაცავი 2018-12-17 22.00 1+91 თ-15 54361 2018-12-17 54361 2018-12-17 წიგნი 22.00 ₾.
          ბათუმის შოთა რუსთაველის სახელმწიფო უნივერსიტეტის მთავარი ბიბლიოთეკა ბათუმის შოთა რუსთაველის სახელმწიფო უნივერსიტეტის მთავარი ბიბლიოთეკა წიგნსაცავი 2018-12-17 22.00 1+91 თ-15 54362 2018-12-17 54362 2018-12-17 წიგნი 22.00 ₾.